Tenants welcome FBT review (Record no. 65291)

MARC details
000 -LEADER
fixed length control field 00840cam a2200205 4500
001 - CONTROL NUMBER
control field WB3645-33
008 - FIXED-LENGTH DATA ELEMENTS--GENERAL INFORMATION
fixed length control field 000000n2000 000 0 eng u
035 ## - SYSTEM CONTROL NUMBER
System control number (Sirsi) u109378
245 ## - TITLE STATEMENT
Title Tenants welcome FBT review
260 ## - PUBLICATION, DISTRIBUTION, ETC.
Date of publication, distribution, etc. 2000
490 ## - SERIES STATEMENT
Series statement Farmers Guardian
Volume/sequential designation 10 November 2000, 2(1)
520 ## - SUMMARY, ETC.
Summary, etc. Government promises a review of the impact of Farm Business Tenancies (FBTs) in June 2001. Outlines some of the concerns of the Tenant Farmers Association concerning FBTs. One major sticking point being that FBTs offer tenants little security of tenure, with the average term on holdings being four years.
590 ## - LOCAL NOTE (RLIN)
Local note WB
650 ## - SUBJECT ADDED ENTRY--TOPICAL TERM
Topical term or geographic name entry element FARM BUSINESS TENANCIES
650 ## - SUBJECT ADDED ENTRY--TOPICAL TERM
Topical term or geographic name entry element TENANT FARMERS
650 ## - SUBJECT ADDED ENTRY--TOPICAL TERM
Topical term or geographic name entry element SECURITY OF TENURE
650 ## - SUBJECT ADDED ENTRY--TOPICAL TERM
Topical term or geographic name entry element TENANT FARMERS ASSOCIATION
690 ## - LOCAL SUBJECT ADDED ENTRY--TOPICAL TERM (OCLC, RLIN)
Topical term or geographic name as entry element RURAL-FARM BUSINESS MANAGEMENT
942 ## - ADDED ENTRY ELEMENTS (KOHA)
Suppress in OPAC 0
Holdings
Withdrawn status Lost status Source of classification or shelving scheme Damaged status Not for loan Home library Current library Shelving location Date acquired Total Checkouts Full call number Barcode Date last seen Copy number Price effective from Koha item type
    Dewey Decimal Classification     London London News article 16/11/2000   WB3645-33 109378-1001 06/08/2019 1 06/08/2019 News article